| 000 | 00922cab a2200181 4500 | ||
|---|---|---|---|
| 001 | WB4027-04 | ||
| 008 | 040714n2004 000 0 eng u | ||
| 035 | _a(Sirsi) u126782 | ||
| 245 | _aConsumer price indices June 2004 | ||
| 260 | _c2004 | ||
| 490 |
_aNational Statistics Press Release _v13 July 2004 (6) |
||
| 520 | _aIn the year to June 2004, the Consumer Price Index (CPI) rose by 1.6% - an increase from 1.5% in May. For the same period, the all items Retail Prices Index (RPI) rose up froom 2.8% to 3.0%. Further details on the consumer price indices can be found at: http://www.statistics.gov.uk/StatBase/Product.asp? vlnk=868. http://www.gnn.gov.uk/content/detail.asp?ReleaseID =122973&NewsAreaID=2&ClientID=140&NavigatedFromDep artment=True&NavigatedFromDepartmentList=False | ||
| 590 | _aWB | ||
| 650 | _aCONSUMER PRICES INDEX | ||
| 650 | _aRETAIL PRICE INDEX | ||
| 690 | _aECONOMIC ISSUES | ||
| 942 | _n0 | ||
| 999 |
_c74460 _d74460 |
||